Personajes de la Colonia

Uloženo v:
Podrobná bibliografie
Hlavní autor: Amunátegui Solar, Domingo (Autor)
Médium: Kniha
Jazyk:španělština
Vydáno: Santiago Imprenta y Litografía Balcell & Co. 1925
Vydání:2a. ed
Témata:
Tagy: Přidat tag
Žádné tagy, Buďte první, kdo vytvoří štítek k tomuto záznamu!

MARC

LEADER 00000nam a2200000 a 4500
001 UCJ5067
003 CL-VaPUC
008 070124e19250000CL |||||||||||||||||spa|d
082 0 4 |a 983  |b AMU  |2 21 
100 0 |a Amunátegui Solar, Domingo  |e author  |9 444723 
245 1 0 |a Personajes de la Colonia 
250 |a 2a. ed 
300 |a 451 p 
942 |c BK 
945 |d 20070124 00:00:00  |a rinostro 
260 |a Santiago  |b Imprenta y Litografía Balcell & Co.  |c 1925 
650 0 |a Biografías  |9 255210 
650 0 |a Anécdotas  |9 313436 
650 0 |a Colonización española  |9 256592 
650 7 |a OBISPOS  |2 CL-VaPUC  |9 509830 
650 0 |a Historia local  |9 266584 
650 0 |a Jesuitas  |9 268366 
650 0 |a Independencia   |9 344246 
650 0 |a Guerra de Arauco  |9 267618 
650 0 |a Historia de Chile  |9 265473 
650 7 |a CONGRESO DE 1811  |2 CL-VaPUC  |9 506281 
583 |a last modification  |c 20130925 06:25:50  |k Rodrigo Vera 
999 |c 321180  |d 321178 
952 |0 0  |1 0  |4 0  |6 983_000000000000000_AMU_1925  |7 0  |8 X  |9 399862  |a FDOBUD  |b FDOBUD  |d 2019-11-22  |i 1029584  |o 983 AMU 1925  |p 1029584  |r 2019-11-22  |w 2019-11-22  |y BK_X  |k BUD